000 01136cab a2200289 4500
001 WB3111-44
008 090401t1995 xxu||||| |||| 00| 0 eng d
035 _a(Sirsi) u29329
041 _aeng
245 _aPPG6 - implementation
260 _c1995
350 _a0
490 _aPlanning (for the Natural and Built Environment)
_v(1109) 10 March 1995, 27(1)
520 _aLocal authorities need more clarity in retail planning policy and the retail component of their local plans, developing clear strategies showing where the balance between in-town and out-of-town shopping should be struck, according to an advice note on implementation of PPG6 published by the Oxford Retail Group.
650 _aLOCAL DEVELOPMENT PLANS
650 _aOUT-OF-TOWN SHOPPING
650 _aPLANNING POLICY
650 _aPLANNING POLICY GUIDANCE NOTE SIX
650 _aRETAIL PLANNING
650 _aTOWN CENTRE MANANGEMENT
650 _aTOWN CENTRES
650 _aVITAL AND VIABLE TOWN CENTRES
690 _aPROPERTY-COMMERCIAL PROPERTY-RETAIL PROPERTY
690 _aPLANNING LAW AND PRACTICE
942 _n0
948 _c04/03/1997
999 _c19760
_d19760